[Event "GRE-chT Online Rapid op 1st"]
[Site "Tornelo INT"]
[Date "2021.02.21"]
[Round "5.5"]
[White "Tsirigkanos, Athanasios"]
[Black "Tsolakidou, Stavroula"]
[Result "0-1"]
[WhiteElo "1868"]
[BlackElo "2379"]
[PlyCount "69"]
[EventDate "2021.02.20"]
[EventType "team-swiss (rapid)"]
[EventRounds "9"]
[EventCountry "GRE"]
[SourceTitle "EXT 2023"]
[Source "ChessBase"]
[SourceDate "2022.10.05"]
[SourceVersion "1"]
[SourceVersionDate "2022.10.05"]
[SourceQuality "1"]

1. d4 Nf6 2. Nf3 e6 3. c4 d5 4. g3 dxc4 5. Bg2 a6 6. 0-0 Nc6 7. a4 Rb8 8. a5 b6 9. axb6 cxb6 10. Bf4 Bd6 11. Ne5 Ne7 12. Nc6 Nxc6 13. Bxc6+ Ke7 14. Bg5 Bc7 15. Nc3 h6 16. Bxf6+ gxf6 17. Bg2 h5 18. e3 h4 19. Qc2 Kf8 20. Rfd1 Qe7 21. Ne4 f5 22. Nd2 b5 23. b3 f4 24. exf4 Bb6 25. Nf3 h3 26. Bh1 cxb3 27. Qxb3 Bb7 28. Ne5 Rd8 29. Bxb7 Qxb7 30. Qf3 Qxf3 31. Nxf3 a5 32. Ne5 Rd5 33. Rdc1 Kg7 34. Rc6 Bxd4 35. Rd1 0-1